[Event "Bled op18th"]
[Site "Bled"]
[Date "1997.??.??"]
[Round "9"]
[White "Gaprindashvili, Nona"]
[Black "Osterman, Rudolf"]
[Result "1/2-1/2"]
[WhiteElo "2350"]
[BlackElo "2410"]

1.d4 Nf6 2.c4 g6 3.Nc3 Bg7 4.g3 O-O 5.Bg2 d6 6.Nf3 Nbd7 7.O-O e5 8.h3 Re8
9.e4 exd4 10.Nxd4 Nc5 11.Re1 Bd7 12.Rb1 h6 13.Kh2 a6 14.Nb3 Nxb3  1/2-1/2

[Event "Groningen op"]
[Site "Groningen"]
[Date "1997.??.??"]
[Round "4"]
[White "Tiviakov, Sergei"]
[Black "Gaprindashvili, Nona"]
[Result "1-0"]
[WhiteElo "2590"]
[BlackElo "2355"]

1.e4 c5 2.Nf3 d6 3.d4 cxd4 4.Nxd4 Nf6 5.Nc3 Nc6 6.Bg5 Bd7 7.Qd2 Rc8 8.f4 h6
9.Bxf6 gxf6 10.O-O-O f5 11.Nxf5 Bxf5 12.exf5 Qa5 13.f6 e6 14.Bb5 a6 15.Ba4 Kd8
16.g4 d5 17.f5 Bb4 18.Qf4 Qc7 19.Nxd5  1-0

[Event "Groningen op"]
[Site "Groningen"]
[Date "1997.??.??"]
[Round "5"]
[White "Gaprindashvili, Nona"]
[Black "Blatny, Pavel"]
[Result "1-0"]
[WhiteElo "2355"]
[BlackElo "2555"]

1.d4 Nf6 2.c4 Nc6 3.Nf3 e6 4.g3 Bb4+ 5.Bd2 Qe7 6.Bg2 Bxd2+ 7.Nbxd2 d6 8.O-O e5
9.d5 Nb8 10.e4 a5 11.Ne1 O-O 12.Nd3 Na6 13.a3 Nc5 14.Nxc5 dxc5 15.Nb1 a4
16.Nc3 Bd7 17.Qc2 Ne8 18.Rfe1 Nd6 19.Bf1 Ra5 20.f3 b6 21.Rad1 g6 22.Bd3 Kg7
23.Rd2 f6 24.Rf2 Nf7 25.Qd1 Ng5 26.Kh1 Nh3 27.Rff1 h5 28.Bc2 Raa8 29.f4 Bg4
30.Qd2 g5 31.fxg5 fxg5 32.Bd1 Bxd1 33.Nxd1 Rh8 34.Ne3 Kg6 35.Nf5 Qd7 36.Kg2 g4
37.Nh4+ Kg7 38.Rf5 Rad8 39.Ref1 Rhf8 40.Qc3 Kg8 41.Qxe5 Rfe8 42.Qc3 Rxe4
43.Rxh5 Qg7 44.Qxg7+ Kxg7 45.Nf5+ Kg6 46.Rh6+ Kg5 47.Re6 Re8 48.Ng7 Re2+
49.Kh1 R8xe6 50.Nxe6+ Kh6 51.Nxc7 Ng5 52.d6 Nf3 53.Rxf3 gxf3 54.Kg1 Rg2+
55.Kf1 Rd2 56.Nd5  1-0

[Event "Groningen op"]
[Site "Groningen"]
[Date "1997.??.??"]
[Round "10"]
[White "Gaprindashvili, Nona"]
[Black "Conquest, Stuart"]
[Result "0-1"]
[WhiteElo "2355"]
[BlackElo "2500"]

1.d4 f5 2.Nf3 Nf6 3.g3 g6 4.Bg2 Bg7 5.O-O O-O 6.d5 a5 7.c4 Na6 8.Nc3 Qe8
9.Bf4 h6 10.h4 d6 11.Nd4 Nh5 12.e3 Nc5 13.Ncb5 Qd8 14.Qe2 Nf6 15.Rad1 Bd7
16.Nc3 Nh7 17.e4 Bxd4 18.Rxd4 e5 19.dxe6 Nxe6 20.Rd3 fxe4 21.Bxe4 Rxf4 22.gxf4 Nxf4
23.Qf3 Nxd3 24.Qxd3 Qxh4 25.Bxb7 Rf8 26.Qxg6+ Kh8 27.Bg2 Ng5 28.Ne4 Bf5  0-1

[Event "WchT 4th"]
[Site "Luzern"]
[Date "1997.??.??"]
[Round "8"]
[White "Ekstroem, Roland"]
[Black "Gaprindashvili, Nona"]
[Result "1-0"]
[WhiteElo "2475"]
[BlackElo "2355"]

1.e4 c5 2.c3 d5 3.exd5 Qxd5 4.d4 Nf6 5.Nf3 g6 6.Qb3 Qxb3 7.axb3 cxd4 8.Nxd4 Nd5
9.Bc4 Nc7 10.Bf4 Nba6 11.Nb5 Nxb5 12.Bxb5+ Kd8 13.Rxa6 bxa6 14.Bc6 Bf5 15.Ke2 Bh6
16.Bxh6 Rb8 17.Nd2 Rb6 18.Bd5 Be6 19.Bxe6 Rxe6+ 20.Be3 Kc8 21.Ra1 Rd8 22.h4 f6
23.b4 Rd7 24.Nb3 Rc6 25.Nc5 Rdd6 26.g3 e5 27.h5 g5 28.g4 Kb8 29.Kf3  1-0

[Event "JUG-chT (Women)"]
[Site "Niksic"]
[Date "1997.??.??"]
[Round "1"]
[White "Lazic, Marina"]
[Black "Gaprindashvili, Nona"]
[Result "1/2-1/2"]
[WhiteElo "2200"]
[BlackElo "2355"]

1.d4 Nf6 2.c4 e6 3.Nc3 Bb4 4.Bg5 c5 5.d5 b5 6.dxe6 fxe6 7.cxb5 O-O 8.e3 a6
9.bxa6 Nc6 10.a3 Ba5 11.Qc2 Qb6 12.Nf3 Rb8 13.O-O-O Bxc3 14.Qxc3 Ne4 15.Qc2 Rxf3
16.gxf3 Nxg5 17.f4 Ne4 18.Bd3 Nf6 19.Rhg1 d5 20.Rd2 Ne7 21.Qc3 d4 22.Qc4 Ra8
23.Rg5 Ned5 24.exd4 cxd4 25.Bc2 h6 26.Re5 d3 27.Qxd3 Rxa6  1/2-1/2

[Event "JUG-chT (Women)"]
[Site "Niksic"]
[Date "1997.??.??"]
[Round "5"]
[White "Zivkovic, Vesna"]
[Black "Gaprindashvili, Nona"]
[Result "1-0"]
[WhiteElo "2165"]
[BlackElo "2355"]

1.d4 Nf6 2.g3 d5 3.Bg2 g6 4.Nf3 Bg7 5.c4 e6 6.O-O O-O 7.Qc2 Na6 8.a3 c5 9.dxc5 Ne4
10.Be3 Qe7 11.Rc1 Bd7 12.Nfd2 Naxc5 13.Bxc5 Nxc5 14.cxd5 Rac8 15.Nc3 Na4
16.Nde4 Nb6 17.d6 Qd8 18.Qb3 Bc6 19.Rd1 Nd5 20.Rd3 Qa5 21.Rad1 Rfd8 22.h4 h6
23.Kh2 Nb6 24.Qa2 Nd7 25.b4 Qb6 26.b5 Bxe4 27.Nxe4 Ne5 28.Rb3 f5 29.d7 Rc4
30.Rd6 Qc7 31.Rxe6 fxe4 32.Rxe5 Bxe5 33.Rb4 Qxd7 34.Qxc4+ Kg7 35.Bxe4 Qe7
36.Bf3 b6 37.Kg2 Rd6 38.Rb3 Rd4 39.Qc8 Bf6 40.Re3 Qd8 41.Qc6 h5 42.Re8 Qd7
43.Qa8 Bd8 44.Re3 Be7 45.Bc6 Qc7 46.Qe8 Bc5 47.Be4 Qf7 48.Bd3 Rd7 49.Qe5+ Qf6
50.Qxf6+ Kxf6 51.Re8 Bxa3 52.Rg8 Kf7 53.Rc8 Bd6 54.Rc6 Rd8 55.Bc2 Rd7 56.f4 Rc7
57.Bxg6+ Kxg6 58.Rxd6+ Kf5 59.Rd5+ Ke4 60.Rxh5 Rc5 61.Rh7 Ke3 62.Re7+  1-0

[Event "EUCup (Women)"]
[Site "Rijeka"]
[Date "1997.??.??"]
[Round "1"]
[White "Macek, Vlasta"]
[Black "Gaprindashvili, Nona"]
[Result "1-0"]
[WhiteElo "2230"]
[BlackElo "2350"]

1.d4 Nf6 2.Nf3 e6 3.g3 b6 4.Bg2 Bb7 5.O-O Be7 6.c4 O-O 7.Nc3 Ne4 8.Bd2 f5
9.Rc1 d6 10.Nxe4 Bxe4 11.Bc3 Nd7 12.Re1 Bf6 13.Bh3 Qe8 14.Nd2 Qh5 15.Bf1 Bb7
16.e4 Qf7 17.Qe2 e5 18.d5 Bg5 19.Bh3 g6 20.Rc2 Rae8 21.b4 Bc8 22.exf5 gxf5
23.Nf3 Bd8 24.Bd2 Qg6 25.Rc3 Kh8 26.Ra3 a6 27.Kh1 Rg8 28.Bc3 Bf6 29.Qc2 Nf8
30.Bg2 Qf7 31.Bh3 Qh5 32.Bg2 Ng6 33.c5 bxc5 34.bxc5 Ne7 35.cxd6 cxd6 36.Bb4 Rd8
37.Ra5 Qf7 38.Rd1 Rd7 39.Nd2 Bb7 40.Nc4 Rc8 41.Qb3 Rxc4 42.Qxc4 Nc6 43.Ra3 Nxb4
44.Qxb4 e4 45.Qb3 Rc7 46.Qb4 Rc5 47.Rb3 Bxd5 48.Qb8+ Kg7 49.Rb6 Be7 50.Rxa6 e3
51.Ra3 f4 52.Qb2+ Bf6 53.Qe2 Bxg2+ 54.Kxg2 Qb7+ 55.Qf3 Qe7 56.Qxf4 e2 57.Re1 Bg5
58.Qg4 h5 59.Qxe2 Re5 60.Qb2 Bf6  1-0

[Event "EUCup (Women)"]
[Site "Rijeka"]
[Date "1997.??.??"]
[Round "2"]
[White "Gaprindashvili, Nona"]
[Black "Maksimovic, Suzana"]
[Result "1-0"]
[WhiteElo "2350"]
[BlackElo "2290"]

1.d4 Nf6 2.c4 e6 3.Nc3 Bb4 4.g3 c5 5.Nf3 cxd4 6.Nxd4 O-O 7.Bg2 Nc6 8.O-O a6
9.Nc2 Be7 10.b3 Qa5 11.Bb2 Rd8 12.a3 Rb8 13.e4 d6 14.b4 Qc7 15.Qe2 Bd7 16.Ne3 b5
17.cxb5 Nd4 18.Qd3 Nxb5 19.Rfc1 Qa7 20.Ne2 d5 21.exd5 exd5 22.Nd4 Qb6 23.Ndf5 Bf8
24.Be5 Rbc8 25.Rxc8 Bxc8 26.Rc1 Qe6 27.Bb2 d4 28.Nxd4 Qa2 29.Qb3 Qxb3 30.Nxb3 Be6
31.Nc5 Nd4 32.Rd1 Ne2+ 33.Kf1 Rxd1+ 34.Nxd1 Bc4 35.Ke1 Ng1 36.Ne3 Bb5 37.f3 Nd7
38.Nb3 g6 39.Kf2 Bh6 40.f4  1-0

[Event "Keres Rapid"]
[Site "Tallinn"]
[Date "1998.01.10"]
[Round "2"]
[White "Gaprindashvili, Nona"]
[Black "Ehlvest, Jaan"]
[Result "0-1"]
[WhiteElo "2340"]
[BlackElo "2610"]

1.d4 Nf6 2.c4 e6 3.Nc3 Bb4 4.g3 O-O 5.Bg2 d5 6.Nf3 Nc6 7.O-O dxc4 8.e3 Rb8
9.Qc2 b5 10.a4 a6 11.axb5 axb5 12.Ng5 Ne7 13.Nce4 Nxe4 14.Nxe4 Bb7 15.b3 f5
16.bxc4 Bxe4 17.Bxe4 fxe4 18.c5 Qd5 19.Qb1 Bc3 20.Ra7 Nc6 21.Rxc7 Ba5  0-1

[Event "Keres Rapid"]
[Site "Tallinn"]
[Date "1998.01.10"]
[Round "3"]
[White "Wojtkiewicz, Aleksander"]
[Black "Gaprindashvili, Nona"]
[Result "1-0"]
[WhiteElo "2535"]
[BlackElo "2340"]

1.Nf3 g6 2.d4 Bg7 3.c4 d6 4.Nc3 Nd7 5.g3 e5 6.Bg2 Nh6 7.O-O O-O 8.e4 f6 9.Re1 Nf7
10.Rb1 c6 11.Qc2 Qe7 12.b4 Rd8 13.d5 c5 14.a3 Nb6 15.Na4 Nxa4 16.Qxa4 Bd7
17.Qb3 b6 18.a4 Rdc8 19.a5 bxa5 20.bxc5 Rxc5 21.Ba3 Rc7 22.Nd2 Bh6 23.Red1 Bg4
24.f3 Bc8 25.c5 Rb7 26.Qc3 Rxb1 27.Rxb1 dxc5 28.Nc4 a4 29.Qa5 Qd8 30.Qxa4 Bd7
31.Qb3 Bf8 32.Bf1 Qc7 33.Qb7 Rc8 34.Qxc7 Rxc7 35.Rb8 Kg7 36.Bb2 Nd6 37.Nxe5 Bc8
38.Nc4 Rb7 39.Rxb7+ Bxb7 40.Nxd6 Bxd6 41.f4 Bc7 42.Bc4 g5 43.e5 gxf4 44.gxf4 Kg6
45.d6 Bb8 46.d7 Bc7 47.exf6  1-0

[Event "Keres Rapid"]
[Site "Tallinn"]
[Date "1998.01.10"]
[Round "4"]
[White "Atalik, Suat"]
[Black "Gaprindashvili, Nona"]
[Result "1-0"]
[WhiteElo "2595"]
[BlackElo "2340"]

1.d4 g6 2.c4 Bg7 3.e4 d6 4.Nc3 Nd7 5.Nf3 e5 6.Be2 c6 7.d5 c5 8.g4 h5 9.g5 a6
10.a3 Ne7 11.b4 b6 12.Be3 O-O 13.Rg1 Ra7 14.Nh4 Re8 15.Rg3 Nf8 16.Rb1 Bd7
17.a4 a5 18.bxa5 Rxa5 19.Bd3 Ra6 20.Nb5 Bg4 21.Nf3 Nc8 22.h3 Bd7 23.Kf1 Re7
24.Nh4 Be8 25.Bc2 Ra8 26.Bd2 Rb7 27.Kg2 Qe7 28.Qf3 Nh7 29.Kh2 Qd8 30.Rbg1 Bf8
31.Nf5 Kh8 32.Bc3 Rd7 33.Qe3 Kg8 34.f4 exf4 35.Qxf4 Rb7 36.e5 Bxb5 37.cxb5 Ne7
38.Nh6+ Bxh6 39.gxh6 Nxd5 40.Rxg6+ fxg6 41.Rxg6+ Kh8 42.exd6+ Nxc3 43.Qe5+  1-0

[Event "Keres Rapid"]
[Site "Tallinn"]
[Date "1998.01.11"]
[Round "9"]
[White "Gaprindashvili, Nona"]
[Black "Krivonosov, Oleg"]
[Result "0-1"]
[WhiteElo "2340"]
[BlackElo "2435"]

1.d4 d5 2.c4 e6 3.Nc3 Nf6 4.Bg5 Be7 5.e3 h6 6.Bh4 O-O 7.Nf3 Ne4 8.Bxe7 Qxe7
9.Rc1 c6 10.Bd3 Nxc3 11.Rxc3 dxc4 12.Rxc4 Nd7 13.O-O e5 14.Bb1 f5 15.Qc2 e4
16.Nd2 Nf6 17.Rc5 Be6 18.a3 Bd5 19.b4 a6 20.Nc4 Nd7 21.Ba2 Nxc5 22.bxc5 Qe6
23.Rb1 Rf7 24.Rb2 f4 25.Ne5 Rf5 26.Bxd5 Qxd5 27.Rxb7 fxe3 28.fxe3 Raf8 29.h3 Rf2
30.Qxf2 Rxf2 31.Kxf2 Qa2+ 32.Kg3 Qxa3 33.Kf4 Qa2 34.g4 Qh2+ 35.Kxe4 Qxh3
36.Ra7 Qg2+ 37.Kf5 Kh7 38.Ke6 Qe4 39.Rxa6 Qxe3 40.Rxc6 Qxd4 41.Rc7 Qd8 42.Re7 Qc8+
43.Kd6 Qb8+ 44.Ke6 Qb3+ 45.Kd7 Qd5+ 46.Ke8 Qxc5 47.Kf8 Qd6 48.Kf7 Qf6+ 49.Ke8 Qf4
50.Kd7 h5 51.gxh5 Qf5+ 52.Re6 Qxh5 53.Ke7 Qf5 54.Kd7 g5 55.Ke7 g4 56.Nf7 g3
57.Rf6 Qc5+ 58.Ke6 g2  0-1

[Event "RUS-ch (Women)"]
[Site "Elista"]
[Date "1998.04.20"]
[Round "1.1"]
[White "Demina, Julia"]
[Black "Gaprindashvili, Nona"]
[Result "1/2-1/2"]
[WhiteElo "2355"]
[BlackElo "2340"]

1.Nf3 g6 2.d4 Bg7 3.g3 d6 4.Bg2 Nd7 5.c4 e5 6.Nc3 Nh6 7.dxe5 dxe5 8.h4 f6
9.Bxh6 Bxh6 10.h5 f5 11.hxg6 hxg6 12.e4 fxe4 13.Nxe4 Qe7 14.Qc2 Nf8 15.O-O Bf5
16.Rad1 Nd7 17.c5 Qe6 18.Nh4 Rd8 19.Rfe1 Kf8 20.Bf1 Kg7 21.Bc4 Qe7 22.b4 Nf6
23.Nxf5+ gxf5 24.Nxf6 Qxf6 25.Rxd8 Rxd8 26.Rd1 e4 27.b5 Kg6 28.Bb3 Rd4 29.Kg2 Bf8
30.Rxd4 Qxd4 31.c6 b6 32.Qc4  1/2-1/2

[Event "RUS-ch (Women)"]
[Site "Elista"]
[Date "1998.04.21"]
[Round "1.2"]
[White "Gaprindashvili, Nona"]
[Black "Demina, Julia"]
[Result "1-0"]
[WhiteElo "2340"]
[BlackElo "2355"]

1.d4 d5 2.c4 dxc4 3.Nf3 e6 4.e3 c5 5.Bxc4 a6 6.Qe2 b5 7.Bd3 cxd4 8.exd4 Nf6
9.O-O Be7 10.Nc3 Bb7 11.Bg5 O-O 12.Rad1 Nbd7 13.Rfe1 Nb6 14.Bb1 Nbd5 15.Ne4 Rc8
16.Qd3 Nxe4 17.Qxe4 g6 18.Qh4 Re8 19.Bxe7 Qxe7 20.Ng5 h5 21.Re5 Qf6 22.Be4 Rc4
23.Qg3 Rec8 24.h4 Rc1 25.Rxc1 Rxc1+ 26.Kh2 Bc6 27.Bxd5 Bxd5 28.Nh3 Rd1 29.Rxh5 Kg7
30.Rg5 Rxd4 31.h5 Bxa2 32.hxg6 fxg6 33.Qc7+ Qf7 34.Qb6 Rd5 35.Rg3 Rh5 36.Kg1 Bc4
37.Qxa6 Rd5 38.Qa5 e5 39.Qc3 Qf5 40.b3 Rd3 41.Rxd3 Bxd3 42.f4 b4 43.Qc7+ Kh6
44.Qd8 Kg7 45.Qe7+ Qf7 46.Qxe5+ Qf6 47.Ng5 Qxe5 48.fxe5 Bf5 49.Kf2 Kf8 50.Ke3 Bc2
51.Ne6+ Ke7 52.Nd4 Bb1 53.Nc6+ Ke6 54.Kd4 Bc2 55.Na5 g5 56.Nb7 Kf5 57.Nc5 Kf4
58.e6 Bg6 59.e7 Kg3 60.Ne4+ Kxg2 61.Nxg5  1-0

[Event "RUS-ch (Women)"]
[Site "Elista"]
[Date "1998.04.22"]
[Round "2.1"]
[White "Gaprindashvili, Nona"]
[Black "Stepovaia Dianchenko, Tatiana"]
[Result "1-0"]
[WhiteElo "2340"]
[BlackElo "2355"]

1.d4 d5 2.c4 c6 3.Nf3 Nf6 4.Qb3 e6 5.g3 Nbd7 6.Bg2 Be7 7.O-O O-O 8.Nc3 a5
9.Rd1 a4 10.Nxa4 dxc4 11.Qc2 b5 12.Nc3 Bb7 13.e4 b4 14.Nb1 c5 15.Nbd2 cxd4
16.e5 Nd5 17.Nxc4 b3 18.Qb1 Nb4 19.axb3 Rxa1 20.Qxa1 d3 21.Bd2 Nc2 22.Qa7 Be4
23.Ba5 Qc8 24.Qc7 Bb4 25.Qxc8 Rxc8 26.Bxb4 Nxb4 27.Ra1 Bd5 28.Nfd2 Bxc4 29.Nxc4 Nc5
30.Nd2 h6 31.Rc1 Rc7 32.Rc4 Nca6 33.Be4 f5 34.exf6 gxf6 35.f4 Kf7 36.Kf2 f5
37.Bf3 Nc2 38.Rxc7+ Nxc7 39.Nc4 Kf6 40.Ne5 d2 41.Bd1 Nd4 42.Ke3 Ndb5 43.Kxd2 Nd5
44.Kd3 Ke7 45.Bf3 Nb6 46.b4 Nc7 47.Kd4  1-0

[Event "RUS-ch (Women)"]
[Site "Elista"]
[Date "1998.04.23"]
[Round "2.2"]
[White "Stepovaia Dianchenko, Tatiana"]
[Black "Gaprindashvili, Nona"]
[Result "0-1"]
[WhiteElo "2355"]
[BlackElo "2340"]

1.e4 g6 2.d4 Bg7 3.c3 d6 4.Nf3 Nd7 5.Bd3 e5 6.O-O Ne7 7.a4 O-O 8.Na3 h6 9.Re1 Kh7
10.Nc4 exd4 11.cxd4 d5 12.Nce5 Nf6 13.exd5 Nfxd5 14.b3 Kg8 15.Ba3 Re8 16.Qd2 Be6
17.Bc4 Nf5 18.b4 Nd6 19.Bb3 c6 20.Rac1 a6 21.Nd3 Nc7 22.Bxe6 Rxe6 23.Nc5 Rxe1+
24.Qxe1 Nd5 25.Qd2 Qc7 26.g3 Rd8 27.Qd3 Qc8 28.Ne5 Nf5 29.Nf3 Nc7 30.Bb2 Ne6
31.Rc4 b5 32.axb5 axb5 33.Rc1 Nexd4 34.Nxd4 Bxd4 35.Bxd4 Rxd4 36.Qb3 Qd8
37.Re1 Qd5 38.Qb1 Qf3 39.Ne4 Ne3 40.fxe3 Rxe4 41.Qc1 Rxb4 42.Rf1 Qe4  0-1

[Event "RUS-ch (Women)"]
[Site "Elista"]
[Date "1998.04.25"]
[Round "3.1"]
[White "Gaprindashvili, Nona"]
[Black "Kovalevskaya, Ekaterina"]
[Result "0-1"]
[WhiteElo "2340"]
[BlackElo "2390"]

1.d4 Nf6 2.c4 d6 3.Nc3 e5 4.Nf3 Nbd7 5.g3 g6 6.Bg2 Bg7 7.O-O O-O 8.h3 exd4
9.Nxd4 Re8 10.e4 Nc5 11.Re1 a5 12.Rb1 c6 13.Bf4 a4 14.Nc2 Nfd7 15.Bxd6 a3
16.e5 axb2 17.f4 Qa5 18.Qd4 Ne6 19.Qe3 f6 20.Rxb2 fxe5 21.Rb3 exf4 22.gxf4 Qf5
23.Qf2 Qf7 24.a3 Nf6 25.Ne4 Nxe4 26.Rxe4 Rd8 27.Be5 Bxe5 28.Rxe5 Ng7 29.Ne3 Be6
30.Bf1 Rd7 31.Ng4 Bxg4 32.hxg4 Re8 33.Rbe3 Rde7 34.Rxe7 Rxe7 35.c5 Rxe3 36.Qxe3 Qd5
37.Qc3 Qd1 38.Qc4+ Kf8  0-1

[Event "RUS-ch (Women)"]
[Site "Elista"]
[Date "1998.04.26"]
[Round "3.2"]
[White "Kovalevskaya, Ekaterina"]
[Black "Gaprindashvili, Nona"]
[Result "1/2-1/2"]
[WhiteElo "2390"]
[BlackElo "2340"]

1.e4 g6 2.d4 Bg7 3.Nf3 d6 4.Be2 Nd7 5.O-O e6 6.Nc3 a6 7.a4 b6 8.Bg5 Ne7 9.Qd2 h6
10.Be3 Bb7 11.Rad1 Nf6 12.e5 Nfd5 13.Nxd5 Nxd5 14.h4 dxe5 15.dxe5 Qe7 16.Bd4 c5
17.Be3 Rd8 18.Qc1 Nxe3 19.Rxd8+ Qxd8 20.Qxe3 Qc7 21.c3 O-O 22.Bd3 Rd8 23.Be4 Bxe4
24.Qxe4 Qd7 25.Re1 Qd5 26.Qxd5 Rxd5 27.Kf1 Kf8 28.Re3 Ke7 29.Ke2 c4 30.Re4 b5
31.axb5 axb5 32.Rd4 Rc5 33.Re4 Kd7 34.Ke3 Ke7 35.Kf4 Rd5 36.Rd4 Rc5 37.g4 f6
38.exf6+ Bxf6 39.Rd2 b4 40.cxb4 Rb5 41.g5 hxg5+ 42.hxg5 Bg7 43.Ke3 Rxb4 44.Nd4 Kf7
45.f4 e5 46.fxe5 Bxe5 47.Ke4 Bg3 48.Kd5 Ra4 49.Rg2 Be1 50.Nf3 c3 51.Nxe1 Ra5+
52.Kd4 cxb2 53.Rxb2  1/2-1/2

[Event "Groningen op"]
[Site "Groningen"]
[Date "1998.12.20"]
[Round "1"]
[White "Gaprindashvili, Nona"]
[Black "Johansson, Thomas"]
[Result "1-0"]
[WhiteElo "2350"]
[BlackElo "2165"]

1.d4 f5 2.Nf3 Nf6 3.g3 g6 4.Bg2 Bg7 5.O-O O-O 6.d5 c5 7.c4 d6 8.Nc3 Na6 9.Rb1 Nc7
10.a3 e5 11.dxe6 Bxe6 12.Qd3 Ne4 13.Rd1 b5 14.cxb5 Bb3 15.Nd2 c4 16.Nxc4 Nc5
17.Bd5+ Kh8 18.Qf3 Bxd1 19.Nxd1 Rb8 20.Nc3 Nxb5 21.Nxb5 Rxb5 22.Bf4 Ne4 23.Rd1 g5
24.Be3 Qc7 25.Bxe4 Qxc4 26.Bd3 Qa4 27.Rc1 Rxb2 28.Bxg5 Qd7 29.Qd5 Be5 30.Bh6 Rg8
31.Qf3 Qe6 32.Be3 Rf8 33.Rc7 d5 34.Rxa7 d4 35.Bf4 Bg7 36.a4 Ra2 37.a5 Ra1+
38.Kg2 Qb3 39.Kh3 Rg1 40.Ra8 Qf7 41.Rxf8+ Bxf8 42.a6  1-0

[Event "Groningen op"]
[Site "Groningen"]
[Date "1998.12.23"]
[Round "4"]
[White "Volkov, Sergey"]
[Black "Gaprindashvili, Nona"]
[Result "1/2-1/2"]
[WhiteElo "2605"]
[BlackElo "2350"]

1.d4 d5 2.c4 e6 3.Nc3 Be7 4.Nf3 Nf6 5.Bg5 Nbd7 6.e3 h6 7.Bf4 O-O 8.Qb3 c6
9.h3 Nb6 10.c5 Nbd7 11.Qa4 Ne4 12.Nxe4 dxe4 13.Nd2 e5 14.Bxe5 Nxe5 15.dxe5 Bf5
16.g4 Bg6 17.Qc4 Qc7 18.e6 Qe5 19.exf7+ Rxf7 20.Bg2 Bxc5 21.Nxe4 Bxe3 22.O-O Bb6
23.Rad1 Kh8 24.Qc3 Qf4 25.Nd6 Rd7 26.Qc4 Rf8 27.Qe6 Rfd8 28.Qxg6  1/2-1/2

[Event "Women's Champions"]
[Site "Iki Burul/Yashalta"]
[Date "1998.??.??"]
[Round "?"]
[White "Kovalevskaya, Ekaterina"]
[Black "Gaprindashvili, Nona"]
[Result "0-1"]
[WhiteElo "2390"]
[BlackElo "2340"]

1.e4 g6 2.d4 Bg7 3.Nf3 d6 4.Nc3 e6 5.Bd3 b6 6.O-O Ne7 7.Be3 Bb7 8.Qd2 h6
9.Rad1 Nd7 10.h3 a6 11.Nh2 c5 12.Be2 Nf6 13.Bf3 e5 14.dxe5 dxe5 15.Qc1 Qc7
16.Ng4 h5 17.Nxf6+ Bxf6 18.Bh6 b5 19.Bg5 Bg7 20.Bxe7 Kxe7 21.a4 b4 22.Nd5+ Bxd5
23.Rxd5 Rad8 24.Rfd1 Rxd5 25.Rxd5 Rd8 26.Qd1 Bf6 27.Be2 Rxd5 28.Qxd5 a5 29.Bc4 Kf8
30.Kf1 Kg7 31.Ke2 Bg5 32.b3 Qe7 33.Qc6 Bc1 34.Kd1 Bb2 35.Bd5 Qg5 36.Qxc5 Qxg2
37.Qe3 Qf1+ 38.Qe1 Qxh3 39.Ke2 Bd4 40.Qg1 Qc3 41.Qg3 Qxc2+ 42.Kf1 Qc7 43.Kg2 Bb2
44.Qd3 Qe7 45.Qd2 Bd4 46.Qd3 Qd8 47.Qf3 f5 48.exf5 Qg5+ 49.Kf1 Qxf5 50.Kg2 Kf6
51.Qe2 Qf4 52.Bf3 Kg5 53.Qc2 Kh6 54.Qe4 Qf6 55.Qc2 Qg5+ 56.Kf1 Qf4 57.Kg2 Qf7
58.Qd3 Kg7 59.Qc2 Qe7 60.Qe4 Qc5 61.Qb7+ Kh6 62.Qf7 Qd6 63.Be4 Bc5 64.Kh3 Kg5
65.Kg2 Qb6 66.Kg3 Bxf2+ 67.Qxf2 h4+ 68.Kf3 Qxf2+ 69.Kxf2 Kf4 70.Bxg6 e4 71.Bf7 h3
72.Bc4 h2 73.Kg2 Ke3 74.Bd5 Kd3 75.Kxh2 e3 76.Kg3 e2 77.Bc4+ Ke3  0-1

[Event "Women's Champions"]
[Site "Iki Burul/Yashalta"]
[Date "1998.??.??"]
[Round "?"]
[White "Gaprindashvili, Nona"]
[Black "Zaitseva, Ludmila G"]
[Result "1-0"]
[WhiteElo "2340"]
[BlackElo "2370"]

1.d4 f5 2.Nf3 e6 3.g3 Nf6 4.Bg2 d5 5.O-O Bd6 6.c4 c6 7.Bf4 Bxf4 8.gxf4 O-O
9.Nbd2 Bd7 10.Ne5 Be8 11.Qb3 Qb6 12.c5 Qc7 13.Qe3 Qe7 14.f3 Nbd7 15.Nd3 Nh5
16.Qf2 h6 17.e3 Kh7 18.Rfe1 Rg8 19.Nf1 Nf8 20.Ng3 Qh4 21.Rac1 Rc8 22.Rc2 Rc7
23.b4 g5 24.Nh1 Qxf2+ 25.Nhxf2 gxf4 26.exf4 Rcg7 27.Nh3 Ng6 28.Kf1 Nh4 29.Bh1 Bd7
30.Rb2 Kg6 31.Kf2 Kf6 32.Rg1 Bc8 33.Rxg7 Rxg7 34.a4 a6 35.Ng1 Bd7 36.Ne2 Be8
37.Ng3 Ke7 38.b5 axb5 39.axb5 cxb5 40.Nxh5 Bxh5 41.Rxb5 Kf6 42.Rb6 Ng6 43.Nb4 Rd7
44.Nd3 Rc7 45.Bg2 Ne7 46.Bf1 Be8 47.Ke3 Bc6 48.Ne5 Rc8 49.Bb5 Bxb5 50.Rxb5 Rc7
51.Rb1 Nc8 52.h4 Rg7 53.h5 Na7 54.Rb6 Nc8 55.Rb5 Rc7 56.Rb1 Ne7 57.Kd3 Nc8
58.Ra1 Ne7 59.Ra8 Nc8 60.Kc3 Ke7 61.Kb4 Kd8 62.Ng6 Rf7 63.Ra1 Kc7 64.Re1 Rf6
65.Ne5 b6 66.Rg1 bxc5+ 67.dxc5 Rf8 68.Rg7+ Kd8 69.Nc6+  1-0

[Event "Women's Champions"]
[Site "Iki Burul/Yashalta"]
[Date "1998.??.??"]
[Round "?"]
[White "Demina, Julia"]
[Black "Gaprindashvili, Nona"]
[Result "1/2-1/2"]
[WhiteElo "2355"]
[BlackElo "2340"]

1.Nf3 g6 2.d4 Bg7 3.g3 d6 4.Bg2 Nd7 5.c4 e5 6.Nc3 Ne7 7.dxe5 dxe5 8.Qc2 O-O
9.O-O Nc6 10.Rd1 Nd4 11.Nxd4 exd4 12.Nb5 Nc5 13.Qd2 Ne6 14.e3 c5 15.exd4 Nxd4
16.Nxd4 Bxd4 17.a4 Bg4 18.Re1 Qd7 19.Qf4 Be6 20.Be3 Bxc4 21.Rac1 Ba6 22.Bxd4 Qxd4
23.Qxd4 cxd4 24.b4 Bd3 25.Red1 Bf5 26.Rxd4 Rac8 27.Rxc8 Bxc8 28.f4 b6 29.a5 bxa5
30.bxa5 Be6 31.Rd6  1/2-1/2

[Event "Women's Champions"]
[Site "Iki Burul/Yashalta"]
[Date "1998.??.??"]
[Round "?"]
[White "Gaprindashvili, Nona"]
[Black "Kovalevskaya, Ekaterina"]
[Result "0-1"]
[WhiteElo "2340"]
[BlackElo "2390"]

1.d4 Nf6 2.c4 d6 3.Nc3 e5 4.Nf3 Nbd7 5.g3 g6 6.Bg2 Bg7 7.O-O O-O 8.h3 exd4
9.Nxd4 Re8 10.e4 Nc5 11.Re1 d5 12.Ndb5 Bd7 13.f3 Bxb5 14.Nxb5 Nfd7 15.f4 Nb6
16.Na3 Qe7 17.Rb1 f5 18.Be3 Nxe4 19.Bxb6 cxb6 20.Nb5 Rad8 21.Qxd5+ Qf7 22.Bxe4 Rxe4
23.Rxe4 fxe4 24.Kf2 Qxd5 25.cxd5 Rc8 26.Ke3 Bf8 27.Nc3 Be7 28.Rd1 Kf7 29.Nxe4 Rc2
30.Rd2 Rc1 31.Rd3 b5 32.Rb3 b4 33.a3 Re1+ 34.Kf3 Rf1+ 35.Ke2 Rb1 36.axb4 a5
37.Nd2 Rh1 38.Rc3 Rxh3 39.Rc7 b5 40.Ne4 Rh2+ 41.Kd3 Ke8 42.Rc2 Rh5 43.Kd4 Kd7
44.Rd2 Rh1 45.Ke3 Rc1 46.g4 h5 47.gxh5 gxh5 48.Rg2 Re1+ 49.Re2 Rxe2+ 50.Kxe2 Bh4  0-1

[Event "Women's Champions"]
[Site "Iki Burul/Yashalta"]
[Date "1998.??.??"]
[Round "?"]
[White "Gaprindashvili, Nona"]
[Black "Demina, Julia"]
[Result "1/2-1/2"]
[WhiteElo "2340"]
[BlackElo "2355"]

1.d4 d5 2.c4 dxc4 3.Nf3 e6 4.e3 c5 5.Bxc4 a6 6.O-O Nf6 7.Bb3 b5 8.a4 b4 9.Qe2 Bb7
10.Nbd2 Nbd7 11.a5 Be7 12.Nc4 O-O 13.Rd1 Qc7 14.Nce5 Nxe5 15.Nxe5 Bd6 16.f4 cxd4
17.exd4 Bd5 18.Bc2 Rfc8 19.Bd3 Qb7 20.Re1 Bf8 21.Bd2 g6 22.Rac1 Rxc1 23.Rxc1 Ne4
24.Be3 Nd6 25.g3 Nb5 26.Kf2 Rd8 27.h4 Be4 28.Bxe4 Qxe4 29.Qf3 Qxf3+ 30.Nxf3 f6
31.Rc6 Rd6 32.Rc4 Rd5 33.Ke2 Nd6 34.Rxb4 Rxa5 35.Rb6 Rb5 36.Rxb5 axb5 37.b3 h5
38.Kd3 Kf7 39.Bf2  1/2-1/2

[Event "Women's Champions"]
[Site "Iki Burul/Yashalta"]
[Date "1998.??.??"]
[Round "?"]
[White "Zaitseva, Ludmila G"]
[Black "Gaprindashvili, Nona"]
[Result "0-1"]
[WhiteElo "2370"]
[BlackElo "2340"]

1.d4 g6 2.c3 Bg7 3.e4 c6 4.Bg5 d5 5.e5 f6 6.exf6 exf6 7.Bf4 Nh6 8.Bd3 O-O
9.h4 Re8+ 10.Ne2 Nd7 11.Bxh6 Bxh6 12.h5 Kg7 13.hxg6 hxg6 14.Kf1 f5 15.Nd2 Nf6
16.Nf3 Ng4 17.Ne5 Qf6 18.Nxg4 fxg4 19.Kg1 Re6 20.Qf1 Bd7 21.Ng3 Rae8 22.Re1 Bd2
23.Re2 Rxe2 24.Bxe2 Qf4 25.Rh4 Qg5 26.Rh2 Bf4 27.Kh1 Bxg3 28.fxg3 Rxe2 29.Rh4 Re7  0-1

[Event "Kishinev (Women)"]
[Site "Kishinev"]
[Date "1998.??.??"]
[Round "1"]
[White "Skripchenko, Almira"]
[Black "Gaprindashvili, Nona"]
[Result "1/2-1/2"]
[WhiteElo "2400"]
[BlackElo "2340"]

1.e4 g6 2.d4 c6 3.Nc3 Bg7 4.f4 d5 5.e5 h5 6.Nf3 Bg4 7.h3 Bxf3 8.Qxf3 e6 9.Be3 h4
10.Bd3 Nh6 11.O-O Nf5 12.Bf2 Bf8 13.Ne2 Na6 14.b3 Nb4 15.Bxf5 gxf5 16.c3 Na6
17.c4 Be7 18.Rfb1 Qd7 19.Nc1 b5 20.cxb5 cxb5 21.a4 Rc8 22.Qe2 Nb4 23.axb5 Nc2
24.Ra5 Qc7 25.Ra4 Qb7 26.Nd3 Na3 27.Rxa3 Bxa3 28.Ra1 Be7 29.Nc5 Qc7 30.Qa2 Qb6
31.Qxa7 Qxb5 32.Ra5 Bxc5 33.dxc5 Qxb3 34.c6 O-O 35.Qe7 Qd1+ 36.Kh2 Qh5 37.Ra3 Rfe8
38.Qf6 Kh7 39.Ra7 Kg8 40.Bxh4 Qg6 41.Qxg6+ fxg6 42.Bf6 Rxc6 43.Rg7+ Kf8 44.Rh7 Rec8  1/2-1/2

[Event "Kishinev (Women)"]
[Site "Kishinev"]
[Date "1998.??.??"]
[Round "2"]
[White "Gaprindashvili, Nona"]
[Black "Peptan, Corina"]
[Result "0-1"]
[WhiteElo "2340"]
[BlackElo "2410"]

1.d4 Nf6 2.c4 e6 3.Nc3 Bb4 4.g3 O-O 5.Bg2 d5 6.Nf3 c5 7.dxc5 Na6 8.O-O Nxc5
9.cxd5 exd5 10.Qd4 Bxc3 11.Qxc3 Nce4 12.Qa3 Bd7 13.Nd4 Qb6 14.Rd1 Ng4 15.Be3 Rfe8
16.h3 Nxe3 17.Qxe3 Rac8 18.Qb3 Qf6 19.Qf3 Qg6 20.Qf4 Ng5 21.Qh4 h6 22.Rd2 Qf6
23.Rd3 Re4 24.f4 Nxh3+ 25.Bxh3 Qxh4 26.gxh4 Bxh3 27.e3 Bd7 28.Kf2 Kf8 29.Rb3 Rc7
30.Rg1 Re8 31.Ke2 b6 32.Rd3 Bc8 33.Rd2 Rce7 34.Rg3 h5 35.Kf2 g6 36.Rd3 Rc7
37.Rg5 Rc5 38.b4 Rc4 39.a3 Rd8 40.Ke1 Bg4 41.Re5 f6 42.Ne6+ Bxe6  0-1